[Event "Steinfurt Bezirksklasse 1112"]
[Site "Germany"]
[Date "2011.10.15"]
[Round "2.8"]
[White "Werner, Kai"]
[Black "Fischer, Marcel1111"]
[Result "0-1"]
[WhiteElo "799"]
[BlackElo "799"]
[PlyCount "90"]
[EventDate "2011.09.24"]
[EventType "team-tourn"]
[EventRounds "9"]
[EventCountry "GER"]
[SourceTitle "EXT 2013"]
[Source "ChessBase"]
[SourceDate "2012.11.22"]
[SourceVersion "1"]
[SourceVersionDate "2012.11.22"]
[SourceQuality "1"]
[WhiteTeam "Reckenfeld II"]
[BlackTeam "Emsdetten Rochade IV"]
[WhiteTeamCountry "GER"]
[BlackTeamCountry "GER"]

1. e4 e5 2. Nf3 Nc6 3. Bc4 h6 4. Nc3 Bc5 5. a3 Nf6 6. b4 Bd4 7. Nxd4 Nxd4 8. d3 d6 9. b5 Bg4 10. f3 Be6 11. a4 Bxc4 12. dxc4 Nh5 13. Be3 Ne6 14. g4 Nhf4 15. Bxf4 Nxf4 16. a5 Qh4+ 17. Kd2 b6 18. axb6 cxb6 19. Nd5 Rc8 20. Rxa7 Rxc4 21. Re7+ Kf8 22. Qe1 Qh3 23. Rc7 Rxc7 24. Nxc7 Ke7 25. Nd5+ Nxd5 26. exd5 Qxf3 27. c4 Qxg4 28. Rg1 Qxc4 29. Rxg7 Qxd5+ 30. Ke3 Qxb5 31. Qh4+ Ke6 32. Qg4+ f5 33. Qg6+ Kd5 34. Qxf5 Qb3+ 35. Kd2 Qb2+ 36. Kd1 Qd4+ 37. Ke2 b5 38. Rg4 Qb2+ 39. Ke3 Qc1+ 40. Kd3 Qb1+ 41. Kc3 Qxf5 42. Rb4 Rc8+ 43. Kb3 Qc2+ 44. Ka3 Rc3+ 45. Rb3 Qxb3# 0-1